000 00814 a2200217 4500
999 _c4700
_d4700
020 _a0582089255 (csd)
020 _a0582089263 (ppr)
050 0 0 _aPR9340 GRI 2000
100 1 _aGriffiths, Gareth,
_d1943-
_eauthor
245 1 0 _aAfrican literatures in English :
_bEast and West /
_cGareth Griffiths.
264 _aLondon :
_bPearson Education,
_c2000
300 _axii. 414 p. :
440 0 _aLongman literature in English series
500 _aIncludes an index
504 _aIncludes bibliographical references.
650 0 _aAfrican literature (English)
_xHistory and criticism.
651 _aAfrica
942 _2lcc
_cBK
_h9340
_iGRI
_kPR